Překvapivá budoucnost bankovnictví

Budúcnosť bankovníctva je svet integrovaných bankových služieb. Finančné produkty budú všadeprítomné a pritom neviditeľné. Priaznivý trend spočíva v otvorenosti a ekosystéme. Otvorené banky ponúknu svoje API (Application Programming Interface; rozhranie pre programovú aplikáciu) partnerom a tí zabud...

Descripción completa

Guardado en:
Detalles Bibliográficos
Autor principal: Antoš, Jan
Formato: Capítulo de libro
Lenguaje:checo
Materias:
Etiquetas: Agregar Etiqueta
Sin Etiquetas, Sea el primero en etiquetar este registro!

MARC

LEADER 00000naa a2200000 4500
001 0236117
005 20221104110548.6
041 0 |a cze 
044 |a CZ 
245 1 0 |a Překvapivá budoucnost bankovnictví  |c Jan Antoš 
520 |a Budúcnosť bankovníctva je svet integrovaných bankových služieb. Finančné produkty budú všadeprítomné a pritom neviditeľné. Priaznivý trend spočíva v otvorenosti a ekosystéme. Otvorené banky ponúknu svoje API (Application Programming Interface; rozhranie pre programovú aplikáciu) partnerom a tí zabudujú finančné služby do svojich produktov. 
610 2 0 |a bankovníctvo 
610 2 0 |a technológie informačné 
610 2 0 |a služby bankové 
610 2 0 |a produkty bankové 
610 2 0 |a technológie komunikačné 
610 2 0 |a prognózy 
100 1 |a Antoš, Jan